00451nam a22001577a 4500008004100000020002200041040005500063080001700118100001900135245004000154246002100194260004000215300001100255650001600266653001100282230630b |||||||| |||| 00| 0 eng d a978-93-87155-53-4 aNational Science LibrarycNational Science Library a82-31VERbQ7 aVerma, Nirmal  aएक चिथड़ा सुख aEk chithda sukh  aNew Delhi: bVani Prakashan, c2017 a242p.  aLiterature  aStory